Didáctica de la geografía en primaria.

Uloženo v:
Podrobná bibliografie
Hlavní autor: Sandoya Hernández, Miguel Ángel (autor)
Médium: Neznámo
Jazyk:angličtina
Vydáno: Madrid, España: CCS, 2021.
Témata:
Tagy: Přidat tag
Žádné tagy, Buďte první, kdo vytvoří štítek k tomuto záznamu!

MARC

LEADER 00000 a2200000 4500
003 CL-VaPUC
005 20221011095234.0
008 220228b2021 ||||| |||| 00| 0 eng d
999 |c 434230  |d 434228 
020 |a 9788413790237 
040 |c Pontificia Universidad Católica de Valparaíso 
082 |a 372.891 SAN 2021  |2 22 
100 |a Sandoya Hernández, Miguel Ángel   |9 865024  |e autor 
245 |a Didáctica de la geografía en primaria. 
260 |a Madrid, España:  |b CCS,   |c 2021. 
300 |a 187 páginas  
583 |k GC  |c 20220228 
650 0 |a Geografía  |9 259346  |x Educación primaria   |x Enseñanza 
942 |2 ddc  |c BK 
952 |0 0  |1 0  |2 ddc  |4 0  |6 372_891000000000000_SAN_2021  |7 0  |8 A  |9 581458  |a BIBING  |b BIBING  |c GEN  |d 2022-02-24  |e 74  |g 25438.00  |i 5647509  |o 372.891 SAN 2021  |p 5647509  |r 2025-01-20  |t 1  |v 25438.00  |w 2022-02-24  |y BK  |k GEO 
952 |0 0  |1 0  |2 ddc  |4 0  |6 372_891000000000000_SAN_2021  |7 0  |8 A  |9 581459  |a BIBING  |b BIBING  |c GEN  |d 2022-02-24  |e 74  |g 25438.00  |i 5647517  |o 372.891 SAN 2021  |p 5647517  |r 2025-01-20  |t 2  |v 25438.00  |w 2022-02-24  |y BK  |k GEO 
952 |0 0  |1 0  |2 ddc  |4 0  |6 372_891000000000000_SAN_2021  |7 0  |8 A  |9 587162  |a BIBING  |b BIBING  |c GEN  |d 2022-10-07  |e 74  |g 28690.00  |i 5655098  |o 372.891 SAN 2021  |p 5655098  |r 2025-01-20  |t 3  |v 28690.00  |w 2022-10-07  |y BK  |k GEO